00397 a2200121 4500001001000000005001700010008004100027245008200068100001800150700002300168773006700191999001700258ART_4019020260410162005.0260409a 10aLa protección de la vivienda en el Código Civil y Comercial. Afectación1 aFlah, Lily R.1 aAguilar, Rosana I.0 tTemas de derecho civilg- Año 2, Nº 9 (sep. 2016)wREV34778 c31641d31641